000 00863nam a2200289Ia 4500
008 160803s9999 xx 000 0 und d
020 _a978-0531289952
100 _aBenoit, Peter
245 4 _aThe Hindenburg disaster /
245 _cPeter Benoit.
260 _aNew York :
260 _bChildren's Press,
260 _c2011
300 _a48 pages :
300 _billustrations (some color), color map ;
300 _c22 cm.
440 _aA true book.
650 _aAircraft accidents -- New Jersey -- History -- 20th century --
650 _aAirships -- Germany -- History --
650 _aAirships -- History --
650 _aHindenburg (Airship) -- Juvenile literature.
650 _xJuvenile literature.
650 _xJuvenile literature.
650 _xJuvenile literature.
650 _xJuvenile literature.
700 _a830
999 _c298335
_d298335